| 000 | 00436nam a2200169 a 4500 | ||
|---|---|---|---|
| 005 | 20140310183209.0 | ||
| 008 | 030207s19uu xx 00 eng d | ||
| 020 | _a0440986524 | ||
| 050 |
_aPZ 7 _b.H5976Th 1980 |
||
| 100 | _aHinton, S. E. | ||
| 245 |
_aThat was then, this is now / _cS. E. Hinton. |
||
| 260 |
_aNew York : _bDell, _c1980. |
||
| 300 |
_a154 p. : _c18 cm. |
||
| 650 | _aFiction. | ||
| 942 |
_cBK _2lcc |
||
| 999 |
_c20077 _d20077 |
||